Arènes sanglantes (Record no. 125174)
[ view plain ]
| 000 -LEADER | |
|---|---|
| fixed length control field | 01321nam a2200337K 4500 |
| 001 - CONTROL NUMBER | |
| control field | 9087958 |
| 003 - CONTROL NUMBER IDENTIFIER | |
| control field | ARRUPE |
| 005 - DATE AND TIME OF LATEST TRANSACTION | |
| control field | 20160831094018.0 |
| 006 - FIXED-LENGTH DATA ELEMENTS--ADDITIONAL MATERIAL CHARACTERISTICS--GENERAL INFORMATION | |
| fixed length control field | m d |
| 007 - PHYSICAL DESCRIPTION FIXED FIELD--GENERAL INFORMATION | |
| fixed length control field | cr bn||||||abp |
| 007 - PHYSICAL DESCRIPTION FIXED FIELD--GENERAL INFORMATION | |
| fixed length control field | cr bn||||||ada |
| 008 - FIXED-LENGTH DATA ELEMENTS--GENERAL INFORMATION | |
| fixed length control field | 110802q19201929fr o 000 0 fre d |
| 035 ## - SYSTEM CONTROL NUMBER | |
| System control number | (OCoLC)ocn744563038 |
| 035 ## - SYSTEM CONTROL NUMBER | |
| System control number | (OCoLC)744563038 |
| 040 ## - CATALOGING SOURCE | |
| Original cataloging agency | OCLCE |
| Language of cataloging | eng |
| Transcribing agency | OCLCE |
| 049 ## - LOCAL HOLDINGS (OCLC) | |
| Holding library | ZCUA |
| 050 #4 - LIBRARY OF CONGRESS CALL NUMBER | |
| Classification number | PZ3.B6125A5 |
| 300 ## - PHYSICAL DESCRIPTION | |
| Dimensions | 16 cm. |
| 100 1# - MAIN ENTRY--PERSONAL NAME | |
| Personal name | Blasco Ibáñez, Vicente, |
| Dates associated with a name | 1867-1928. |
| 9 (RLIN) | 25571 |
| 245 10 - TITLE STATEMENT | |
| Title | Arènes sanglantes |
| Statement of responsibility, etc | Blasco Ibáñez, Vicente |
| 260 ## - PUBLICATION, DISTRIBUTION, ETC. (IMPRINT) | |
| Place of publication, distribution, etc | Levy : |
| Name of publisher, distributor, etc | Calmann, |
| Date of publication, distribution, etc | 1923 |
| 300 ## - PHYSICAL DESCRIPTION | |
| Extent | 377 p. ; |
| 440 ## - SERIES STATEMENT/ADDED ENTRY--TITLE | |
| Title | Le livre du poche |
| 9 (RLIN) | 25572 |
| 500 ## - GENERAL NOTE | |
| General note | Translation of: Sangre y arena. |
| 506 ## - RESTRICTIONS ON ACCESS NOTE | |
| Materials specified | Use copy |
| Standardized terminology for access restriction | Restrictions unspecified |
| Source of term | star |
| Institution to which field applies | MiAaHDL |
| 533 ## - REPRODUCTION NOTE | |
| Type of reproduction | Electronic reproduction. |
| Place of reproduction | [S.l.] : |
| Agency responsible for reproduction | HathiTrust Digital Library, |
| Date of reproduction | 2011. |
| 538 ## - SYSTEM DETAILS NOTE | |
| System details note | Master and use copy. Digital master created according to Benchmark for Faithful Digital Reproductions of Monographs and Serials, Version 1. Digital Library Federation, December 2002. |
| Uniform Resource Identifier | <a href="http://purl.oclc.org/DLF/benchrepro0212">http://purl.oclc.org/DLF/benchrepro0212</a> |
| 583 1# - ACTION NOTE | |
| Action | digitized |
| Time/date of action | 2011 |
| Jurisdiction | HathiTrust Digital Library |
| Status | committed to preserve |
| Source of term | pda |
| Institution to which field applies | MiAaHDL |
| 700 1# - ADDED ENTRY--PERSONAL NAME | |
| Personal name | Hérelle, G. |
| Fuller form of name | (Georges), |
| Dates associated with a name | 1848-1935. |
| 9 (RLIN) | 25573 |
| 776 1# - ADDITIONAL PHYSICAL FORM ENTRY | |
| Qualifying information | Original |
| Record control number | (OCoLC)21061816 |
| 942 ## - ADDED ENTRY ELEMENTS (KOHA) | |
| Source of classification or shelving scheme | Library of Congress Classification |
| Koha item type | Monograph ( Printed materials) |
| Withdrawn status | Lost status | Source of classification or shelving scheme | Damaged status | Not for loan | Collection code | Home library | Current library | Shelving location | Date acquired | Total Checkouts | Full call number | Barcode | Date last seen | Price effective from | Koha item type |
|---|---|---|---|---|---|---|---|---|---|---|---|---|---|---|---|
| Library of Congress Classification | Main Collection | ARRUPE LIBRARY | ARRUPE LIBRARY | Main Collection | 31/08/2016 | PZ3.B6125A5 | 46500009569 | 02/07/2019 | 31/08/2016 | Monograph ( Printed materials) |